Organizational Behavior (Record no. 174)
[ view plain ]
| 000 -LEADER | |
|---|---|
| fixed length control field | 00439nam a2200145Ia 4500 |
| 003 - CONTROL NUMBER IDENTIFIER | |
| control field | OSt |
| 008 - FIXED-LENGTH DATA ELEMENTS--GENERAL INFORMATION | |
| fixed length control field | 191201s2004 xx 000 0 und d |
| 022 ## - INTERNATIONAL STANDARD SERIAL NUMBER | |
| International Standard Serial Number | 9789353067038 |
| 100 ## - MAIN ENTRY--PERSONAL NAME | |
| Personal name | ROBBINS, Stephen P., Timothy A. Judge, Neharika Vohra |
| 245 #0 - TITLE STATEMENT | |
| Title | Organizational Behavior |
| 260 ## - PUBLICATION, DISTRIBUTION, ETC. (IMPRINT) | |
| Place of publication, distribution, etc | New Delhi |
| Name of publisher, distributor, etc | Pearson Education India |
| Date of publication, distribution, etc | 2004 |
| 300 ## - PHYSICAL DESCRIPTION | |
| Extent | Pg. 675, Dimensions: 20.3 x 25.4 x 4.7 cm |
| 650 ## - SUBJECT ADDED ENTRY--TOPICAL TERM | |
| Topical term or geographic name as entry element | Communication Skills |
| 942 ## - ADDED ENTRY ELEMENTS (KOHA) | |
| Source of classification or shelving scheme | Dewey Decimal Classification |
| Koha item type | Text Books |
| 942 ## - ADDED ENTRY ELEMENTS (KOHA) | |
| -- | 9 |
| Withdrawn status | Lost status | Source of classification or shelving scheme | Damaged status | Not for loan | Collection code | Home library | Current library | Date acquired | Source of acquisition | Bill Number | Total Checkouts | Full call number | Acc. no. / Barcode | Date last seen | Date last borrowed | Bill Date | Koha item type | Public note | Cost, normal purchase price | Actual Cost, discounted price | Currency |
|---|---|---|---|---|---|---|---|---|---|---|---|---|---|---|---|---|---|---|---|---|---|
| Dewey Decimal Classification | MBA | PIET C-LIBRARY | PIET C-LIBRARY | 27/09/2014 | Donated by Priyanka Sahgal | Donated by Priyanka Sahgal | 1 | 658.3 ROO | 24950 | 27/06/2022 | 24/06/2022 | 16/08/2014 | Text Books | Donated by Priyanka Sahgal | |||||||
| Dewey Decimal Classification | BBA | PIET C-LIBRARY | PIET C-LIBRARY | 26/07/2014 | Orange Books International | 4542 | 3 | 658.3 ROO | 24510 | 24/09/2025 | 10/09/2025 | 23/07/2014 | Text Books | 825.00 | 577.50 | ||||||
| Dewey Decimal Classification | BBA | PIET C-LIBRARY | PIET C-LIBRARY | 26/07/2014 | Orange Books International | 4542 | 2 | 658.3 ROO | 24511 | 22/09/2022 | 06/09/2022 | 23/07/2014 | Text Books | 825.00 | 577.50 | ||||||
| Dewey Decimal Classification | BBA | PIET C-LIBRARY | PIET C-LIBRARY | 26/07/2014 | Orange Books International | 4542 | 4 | 658.3 ROO | 24512 | 06/12/2022 | 28/11/2022 | 23/07/2014 | Text Books | 825.00 | 577.50 | ||||||
| Dewey Decimal Classification | BBA | PIET C-LIBRARY | PIET C-LIBRARY | 26/07/2014 | Orange Books International | 4542 | 3 | 658.3 ROO | 24513 | 03/06/2024 | 22/05/2024 | 23/07/2014 | Text Books | 825.00 | 577.50 | ||||||
| Dewey Decimal Classification | BBA | PIET C-LIBRARY | PIET C-LIBRARY | 26/07/2014 | Orange Books International | 4542 | 1 | 658.3 ROO | 24514 | 08/12/2023 | 20/01/2022 | 23/07/2014 | Text Books | . | 825.00 | 577.50 | |||||
| Dewey Decimal Classification | B.Pharma | PIET C-LIBRARY | PIET C-LIBRARY | 06/01/2020 | Kirti Prakashan | IN5972 | 658.3 ROO | BP126 | 17/03/2020 | 06/01/2020 | Reference Books | 949.00 | 645.32 | IN Rupees | |||||||
| Dewey Decimal Classification | B.Pharma | PIET C-LIBRARY | PIET C-LIBRARY | 06/01/2020 | Kirti Prakashan | IN5972 | 658.3 ROO | BP127 | 17/03/2020 | 06/01/2020 | Text Books | 949.00 | 645.32 | IN Rupees | |||||||
| Dewey Decimal Classification | B.Pharma | PIET C-LIBRARY | PIET C-LIBRARY | 06/01/2020 | Kirti Prakashan | IN5972 | 658.3 ROO | BP128 | 17/03/2020 | 06/01/2020 | Text Books | 949.00 | 645.32 | IN Rupees |